Largest railway stations in Great Britain - Statistics

General Stats
  • This quiz has been taken 200 times
  • The average score is 15 of 40
Answer Stats
Rank Ridership Answer City % Correct
9 33,816,000 London King's Cross London
92%
5 44,059,000 London Euston London
83%
6 42,367,000 Birmingham New Street Birmingham
78%
1 99,403,000 London Waterloo London
76%
8 35,836,000 London Paddington London
74%
10 33,492,000 London St Pancras International London
71%
16 27,807,000 Manchester Piccadilly Manchester
69%
29 15,613,000 Liverpool Lime Street Liverpool
63%
37 11,337,000 Bristol Temple Meads Bristol
62%
3 67,339,000 London Liverpool Street London
61%
11 32,060,000 Glasgow Central Glasgow
59%
2 75,889,000 London Victoria London
58%
20 22,582,000 Edinburgh Waverley Edinburgh
56%
12 30,943,000 Leeds Leeds
56%
4 47,874,000 London Bridge London
51%
25 17,122,000 Reading Reading
49%
13 30,681,000 Clapham Junction London
48%
26 16,667,000 London Marylebone London
48%
15 29,560,000 London Charing Cross London
45%
28 15,993,000 Brighton Brighton
39%
30 14,682,000 Glasgow Queen Street Glasgow
39%
33 12,535,000 Cardiff Central Cardiff
33%
24 18,526,000 London Fenchurch Street London
28%
23 19,362,000 Gatwick Airport Crawley
26%
7 42,251,000 Stratford London
25%
18 22,660,000 London Cannon Street London
22%
21 22,483,000 Vauxhall London
20%
36 11,425,000 Cambridge Cambridge
17%
19 22,606,000 East Croydon London
17%
38 10,834,000 Moorgate London
13%
27 16,035,000 Liverpool Central Liverpool
12%
22 20,150,000 Wimbledon London
12%
34 12,046,000 Farringdon London
11%
14 29,853,000 Highbury And Islington London
6%
39 10,750,000 Lewisham London
6%
35 11,651,000 Richmond London
6%
32 12,787,000 Barking London
4%
40 10,630,000 West Ham London
4%
31 14,128,000 Whitechapel London
4%
17 25,016,000 Canada Water London
3%
No matching quizzes found
Score Distribution
Percent of People with Each Score
Percentile by Number Answered
Your Score History
You have not taken this quiz